000 00565nam a2200217Ia 4500
008 230125s9999 xx 000 0 und d
020 _a81-314-0509-5
041 _aeng
082 _a658.15
_bKRI
100 _aKrishna S, Ed.
_9112641
245 _aSelf-Help Groups in the Context of Microfinance
250 _a1st ed
260 _c2006
_bICFAI publication
_aHyderabad
300 _a207p
440 _aICFAI
500 _aMicrofinance;FM
650 _aFinancial Management
700 _aKrishna S, Ed.
_9112641
906 _b120
999 _c89630
_d89630